| 000 | 00342 a2200157 4500 | ||
|---|---|---|---|
| 003 | Nust | ||
| 005 | 20170207154601.0 | ||
| 040 | _cNust | ||
| 082 | _a005.8 | ||
| 100 | _aIslam, Saad ( MSIS-9) | ||
| 245 |
_aCube Attack _cSaad Islam, |
||
| 260 |
_aMCS _bRawalpindi _cDecember 2012 |
||
| 300 | _a87 p | ||
| 650 | _aPG Thesis | ||
| 651 | _a MSIS -9 | ||
| 942 | _cTHS | ||
| 999 |
_c198584 _d198584 |
||